000 00442nam a2200181Ia 4500
001 7884
005 20260306160528.0
008 260306t2011||||xx |||||||||||||| ||spa||
041 _aESP
082 _a361.61
_bS22
100 _aSánchez, Alan
_eAUT
245 0 _aImpacto del programa Juntos sobre nutrición temprana
260 _c2011
300 _a68 páginas :
_c23 cm.
650 _aGEN
654 _aCAN
942 _cLIB
_dJUS
_fJUS
_2ddc
_n
999 _c7884
_d7884